Qualität und Fertigungsmesstechnik
Guardado en:
| Formato: | Libro |
|---|---|
| Lenguaje: | alemán |
| Publicado: |
Wien :
Abteilung Austauschbau und Messtechnik,
1998
|
| Materias: | |
| Acceso en línea: | OBSAH |
| Etiquetas: |
Sin Etiquetas, Sea el primero en etiquetar este registro!
|
MARC
| LEADER | 00000nam a22000003a 4500 | ||
|---|---|---|---|
| 001 | stu90337 | ||
| 005 | 20150408175226.7 | ||
| 008 | 040924s1998----au------------------ger-d | ||
| 020 | |a 3-901888-01-2 | ||
| 040 | |a STU |b slo | ||
| 041 | 0 | |a ger | |
| 044 | |a au | ||
| 080 | |a 658.56 | ||
| 080 | |a 006.91 | ||
| 245 | |a Qualität und Fertigungsmesstechnik | ||
| 260 | |a Wien : |b Abteilung Austauschbau und Messtechnik, |c 1998 | ||
| 300 | |a 294 s | ||
| 650 | 7 | |a kvalita |2 stusub | |
| 650 | 7 | |a technika meracia |2 stusub | |
| 856 | 4 | |a https://sweb.mtf.stuba.sk/obsahy/qualitat_und_fertigungsmesstechnik_98.pdf |u https://sweb.mtf.stuba.sk/obsahy/qualitat_und_fertigungsmesstechnik_98.pdf |3 OBSAH | |
| 996 | |b 284M060166 |c M*11469-1 |l MMKN |s A |a 24 |w stu90337_0001 | ||